<?xml version="1.0" encoding="UTF-8"?>
<record
    xmlns:xsi="http://www.w3.org/2001/XMLSchema-instance"
    xsi:schemaLocation="http://www.loc.gov/MARC21/slim http://www.loc.gov/standards/marcxml/schema/MARC21slim.xsd"
    xmlns="http://www.loc.gov/MARC21/slim">

  <leader>00735nab a2200193uuc4500</leader>
  <controlfield tag="001">1406956</controlfield>
  <controlfield tag="005">20240202121454.0</controlfield>
  <controlfield tag="008">150421e20120601                    spa  </controlfield>
  <datafield tag="035" ind1=" " ind2=" ">
    <subfield code="a">1406956</subfield>
  </datafield>
  <datafield tag="040" ind1=" " ind2=" ">
    <subfield code="c">comduadb</subfield>
  </datafield>
  <datafield tag="041" ind1=" " ind2=" ">
    <subfield code="a">spa</subfield>
  </datafield>
  <datafield tag="100" ind1="1" ind2="0">
    <subfield code="a">Ram&#xED;rez Delgada, Patricia</subfield>
    <subfield code="4">aut</subfield>
    <subfield code="e">aut</subfield>
    <subfield code="9">689868</subfield>
  </datafield>
  <datafield tag="245" ind1="1" ind2="3">
    <subfield code="a">La innovacion tecnol&#xF3;gica del sector cer&#xE1;mico del &#xE1;rea metropolitana de C&#xFA;cuta</subfield>
  </datafield>
  <datafield tag="650" ind1=" " ind2=" ">
    <subfield code="a">Innovaciones tecnol&#xF3;gicas - Colombia</subfield>
    <subfield code="9">47122</subfield>
  </datafield>
  <datafield tag="650" ind1=" " ind2=" ">
    <subfield code="a">Procesos de innovaci&#xF3;n</subfield>
    <subfield code="9">96153</subfield>
  </datafield>
  <datafield tag="650" ind1=" " ind2=" ">
    <subfield code="a">Cer&#xE1;mica colombiana</subfield>
    <subfield code="9">173092</subfield>
  </datafield>
  <datafield tag="773" ind1="0" ind2=" ">
    <subfield code="t">Respuestas : Revista de la Universidad Francisco de Paula Santander (C&#xFA;cuta)</subfield>
    <subfield code="g">Volumen 17, N&#xFA;mero 01, Junio de 2012, 66-77</subfield>
    <subfield code="w">578438</subfield>
    <subfield code="z">0122820X</subfield>
    <subfield code="0">142413</subfield>
  </datafield>
  <datafield tag="942" ind1=" " ind2=" ">
    <subfield code="c">ARIMP</subfield>
  </datafield>
  <datafield tag="999" ind1=" " ind2=" ">
    <subfield code="c">711194</subfield>
    <subfield code="d">711194</subfield>
  </datafield>
</record>
